Dans la peau d'un athlète (notice n° 1568769)
[ vue normale ]
| 000 -LEADER | |
|---|---|
| fixed length control field | 01451cam a2200133 4500500 |
| 005 - DATE AND TIME OF LATEST TRANSACTION | |
| control field | 20251214005325.0 |
| 041 ## - LANGUAGE CODE | |
| Language code of text/sound track or separate title | fre |
| 042 ## - AUTHENTICATION CODE | |
| Authentication code | dc |
| 100 10 - MAIN ENTRY--PERSONAL NAME | |
| Personal name | Rouanet, Sylvain |
| Relator term | author |
| 245 00 - TITLE STATEMENT | |
| Title | Dans la peau d'un athlète |
| 260 ## - PUBLICATION, DISTRIBUTION, ETC. | |
| Name of publisher, distributor, etc. | Armand Colin,<br/> |
| Date of publication, distribution, etc. | 2013.<br/> |
| 520 ## - SUMMARY, ETC. | |
| Summary, etc. | De la douleur des entraînements à l’extase parfois ressentie en compétition, le monde des athlètes est fait de sensations extrêmes.Les heures passées à souffrir en salle de sport, dans les bassins de natation ou sur les tapis de lutte, n’ont pas pour seul effet de se forger un corps d’athlète ; elles permettent aussi aux sportifs de développer des capacités sensorielles hors du commun : comment un lutteur peut-il remporter une finale malgré une luxation d’épaule ? Quel plaisir un nageur éprouve-t-il à parcourir plus de 100 kilomètres par semaine, au détriment de toute vie sociale ? Quelles sensations extraordinaires justifient de tels sacrifices ?En accordant une large place à leur parole, cet ouvrage propose une immersion originale dans l’univers de ces virtuoses du corps que sont les athlètes. Il interroge leur rapport contradictoire à la douleur, leur habilité exceptionnelle à repousser les limites et plus largement le rôle essentiel de l’apprentissage sensoriel dans la construction de l’individu. |
| 856 41 - ELECTRONIC LOCATION AND ACCESS | |
| Uniform Resource Identifier | <a href="https://shs.cairn.info/dans-la-peau-d-un-athlete--9782200287559?lang=fr&redirect-ssocas=7080">https://shs.cairn.info/dans-la-peau-d-un-athlete--9782200287559?lang=fr&redirect-ssocas=7080</a> |
Pas d'exemplaire disponible.




Réseaux sociaux